Automatizované systémy řízení /

Saved in:
Bibliographic Details
Main Author: Gluškov, Viktor Michajlovič (Author)
Other Authors: Heřmanová, V (Translator)
Format: Book
Language:Czech
Published: Praha : Institut řízení, 1976
Subjects:
ASR
Tags: Add Tag
No Tags, Be the first to tag this record!

MARC

LEADER 00000nam a22000003a 4500
001 stu36461
005 20150617225726.6
008 920608s1976----cs------------------cze-d
040 |a STU  |b slo 
041 0 |a cze 
044 |a cs 
080 |a 681.51 
100 1 |a Gluškov, Viktor Michajlovič  |4 aut 
245 1 |a Automatizované systémy řízení /  |c [aut.]V.M. Gluškov; Z rus. V. Heřmanová 
260 |a Praha :  |b Institut řízení,  |c 1976 
300 |a 155 s 
650 7 |a ASR  |2 stusub 
700 1 |a Heřmanová, V  |4 trl 
996 |b 284M011913  |c M*5953-1  |l MMKN  |s A  |a 24  |w stu36461_0001